| 000 | 01684cam a2200289 a 4500 | ||
|---|---|---|---|
| 999 |
_c470362 _d470362 |
||
| 003 | BLK | ||
| 005 | 20250104140631.0 | ||
| 008 | 080708s2008 oru b 000 0 eng | ||
| 020 | _a9781859063712 | ||
| 040 |
_cBLK _aBLK |
||
| 041 |
_aENG _cENG |
||
| 080 |
_aХигиена на храненето. Режим на храненето. Вж и 612.39 ; 614.3 ; 615.874 ; 641 _b613.2 _z613.2 |
||
| 080 |
_aДиетотерапия. Усилено и органично хранене, диети, богати на тлъстини, на минерали и др. _b615.874 _z615.874 |
||
| 100 |
_aBrewer, Sarah _9479319 _eпърви автор |
||
| 139 |
_aBrewer, Sarah _bB 85 |
||
| 245 | 1 | 4 |
_aEat well, stay well _bWhat to eat to beat common ailments _cSarah Brewer |
| 260 |
_aLondon _bConnections Book Publishing _c2013 _9479317 |
||
| 300 |
_a176 p. _bill. _c22 cm |
||
| 380 | _a61 | ||
| 500 | _aWith tasty recipes to try, plus advice on key superfoods offering all-round health benefits, this book shows you how to eat your way to staying healthy and happy as you age. In Eat Well Stay Well, Dr Sarah Brewer reveals the nutritional secrets to staying healthy through what you eat. Whether you want to alleviate specific ailments or simply find out how to improve your diet and keep ill health at bay, Dr Brewer has the answer. | ||
| 650 | 7 |
_aЗдраве _9155895 |
|
| 650 | 0 |
_aОтслабване [тегло] - методи - наръчници и ръководства _9271300 |
|
| 650 | 7 |
_aДиетична храна - рецепти _9153394 |
|
| 852 |
_bП _c613.2/B 85 |
||
| 942 |
_cKNG _n0 _s1 _02 |
||
| 944 |
_aCR _c2022-08-15 _k30576 _lЦветомила Тодорова |
||